000 00319nam a2200121Ia 4500
008 220204s9999 xx 000 0 und d
082 _a065
_bKIL
100 _aRay A
245 0 _aManagers must lead: A supervisor's road map to advancement
260 _aBombay
_bTaraporevala
_c1977
650 _aManagement
942 _cBK
999 _c30356
_d30356